MDQL
is popping MORE tags! Check the
thread
!
Quizzes
Events
Quiz Creation
Community
Videos
Private Events
Remove Ads
Sign In
Join for FREE
Feedback
Dark Mode
Quiz Categories
Sports
Geography
Music
Movies
Television
Just For Fun
Miscellaneous
History
Literature
Language
Science
Gaming
Entertainment
Religion
Holiday
For Kids
Quiz Lab
Recent
Popular Today
Quiz Kudos Today
Editor Picks
Curator Picks
Quizzes by...
Day
Popularity
Type
Ratings
Length
Year
Community
Subscriptions
Recent Discussions
Orange Saloon
Badges
Playlists
Quests
Create
Leaderboards
Showdown
Live 5
Trivia Bingo
Activity
Puzzle Library
Sporcle Events
Private Events
Virtual Trivia
Globe League
Become a Host
Pub Owners
SporcleCon
Opinionation
Our Games
Videos
Blog
Mobile Apps
Partnerships
Remove Ads and Go Orange
Feedback
Sports
Athletes
MLB
NBA
NHL
NFL
Soccer
Sports Teams
WWE
NCAA
Football
Premier League
Basketball
Baseball
Hockey
Golf
Tennis
Cricket
Rugby
Auto Racing
Olympics
World Cup
Sports
Athletes
MLB
NBA
NHL
NFL
Soccer
Sports Teams
WWE
NCAA
Football
Premier League
Basketball
Baseball
Hockey
Golf
Tennis
Cricket
Rugby
Auto Racing
Olympics
World Cup
Random Quiz
Search Sporcle
×
Quiz Lab
Quiz Lab
Sports
Baseball
Type in answers that appear in a list
Type in answers that appear in a list
Classic
Best Score? Go Orange.
MLB World Series Matchups (1980-2009) Stats
Can you name the all the teams who played in the MLB World Series from 1980 through 2009?
By
Allday221
8m
58 Questions
247 Plays
247 Plays
247 Plays
Comments
Comments
Give Quiz Kudos
Give Quiz Kudos
-
- Ratings
hide this ad
More Info
Forced Order
Answers have to be entered in order
Answers have to be entered in order
Replay
Link that replays current quiz
Next Quiz
Link to next quiz in quiz playlist
You Got
0%
They Got
Avg Score
83%
Avg Friend Score
Upgrade to see
Score Distribution
Jump to the score distribution portion of the page
Score
0/58
Timer
08:00
0
Plays Today
Year
Teams
% Correct
1980 American League Participant
Kansas City Royals
89.9%
1980 National League Participant
Philadelphia Phillies
88.7%
1986 National League Participant
New York Mets
87.4%
1991 American League Participant
Minnesota Twins
87.4%
1989 American League Participant
Oakland Athletics
86.6%
1992 American League Participant
Toronto Blue Jays
86.6%
1993 American League Participant
Toronto Blue Jays
86.6%
2000 American League Participant
New York Yankees
86.6%
2001 American League Participant
New York Yankees
86.6%
2001 National League Participant
Arizona Diamondbacks
86.6%
1986 American League Participant
Boston Red Sox
86.2%
1990 National League Participant
Cincinatti Reds
86.2%
1985 American League Participant
Kansas City Royals
85.8%
1996 American League Participant
New York Yankees
85.8%
1988 American League Participant
Oakland Athletics
85.4%
1988 National League Participant
Los Angeles Dodgers
85.4%
1990 American League Participant
Oakland Athletics
85.4%
1998 American League Participant
New York Yankees
85.4%
1981 American League Participant
New York Yankees
85%
1989 National League Participant
San Francisco Giants
85%
1996 National League Participant
Atlanta Braves
85%
1997 National League Participant
Florida Marlins
85%
1981 National League Participant
Los Angeles Dodgers
84.6%
1985 National League Participant
St. Louis Cardinals
84.6%
1999 American League Participant
New York Yankees
84.6%
2000 National League Participant
New York Mets
84.6%
2004 American League Participant
Boston Red Sox
84.6%
1991 National League Participant
Atlanta Braves
84.2%
2005 American League Participant
Chicago White Sox
84.2%
Year
Teams
% Correct
1995 National League Participant
Atlanta Braves
83.8%
1997 American League Participant
Cleveland Indians
83.8%
1983 American League Participant
Baltimore Orioles
83.4%
1993 National League Participant
Philadelphia Phillies
83.4%
2002 American League Participant
Anaheim Angels
83.4%
2003 American League Participant
New York Yankees
83.4%
2003 National League Participant
Florida Marlins
83.4%
2006 National League Participant
St. Louis Cardinals
83.4%
2002 National League Participant
San Francisco Giants
83%
2004 National League Participant
St. Louis Cardinals
83%
1992 National League Participant
Atlanta Braves
82.6%
1998 National League Participant
San Diego Padres
82.6%
2009 American League Participant
New York Yankees
82.6%
1982 National League Participant
St. Louis Cardinals
82.2%
1999 National League Participant
Atlanta Braves
82.2%
2007 American League Participant
Boston Red Sox
82.2%
2008 National League Participant
Philadelphia Phillies
82.2%
2009 National League Participant
Philadelphia Phillies
82.2%
1984 American League Participant
Detroit Tigers
81.8%
2006 American League Participant
Detroit Tigers
81%
2005 National League Participant
Houston Astros
80.6%
1995 American League Participant
Cleveland Indians
80.2%
1982 American League Participant
Milwaukee Brewers
79.8%
1987 American League Participant
Minnesota Twins
79.8%
1983 National League Participant
Philadelphia Phillies
79.4%
2008 American League Participant
Tampa Bay Rays
79.4%
1984 National League Participant
San Diego Padres
78.9%
2007 National League Participant
Colorado Rockies
78.5%
1987 National League Participant
St. Louis Cardinals
77.3%
Quiz Playlist
Details
Report
Send in Message
Add To Playlist
More Info:
Source:baseballreference.com
Classic:
Type in answers that appear in a list
Forced Order:
Answers have to be entered in order
Last Updated: Feb 16, 2017
Quiz Scoreboard
CHALLENGE
Sign Up to Join the Scoreboard
Show All
Scores
Hide
Comments
May contain spoilers
Recently Published
1-10 Letter E Words III
by El_Dandy
Language
2m
Street Fighter Characters
by Artimus82
Gaming
60s
College Basketball Coaching Resumes
by pancakes188
Sports
9m
More to Explore
Quiz From the Vault
Featured Blog Post
Where Did the Easter Bunny Come From?
hide this ad
You Might Also Like...
Tags
Baseball Quiz
MLB Quiz
World Quiz
1980
1980s
2009
catchup
team
Today's Top Quizzes in Sports
Browse Sports
hide this ad
Today's Top Quizzes in Baseball
Browse Baseball
Top Contributed Quizzes in Sports
1
2022 World Cup Stars
2
Les meilleurs buteurs des matchs entre le PSG et l’OM
3
FIFA Club World Cup Champions
4
Les entraîneurs de l'OM et du PSG au 21e siècle
5
Criteria MLB: Left Handed Sluggers
6
2023 MLB Unique Player Accomplishments
7
AFC Teams Reveal (Wrong Answers Minefield)
8
Players with Multiple 50 Home Run Seasons
9
5-to-1: FBS Animal Nicknames
10
5-to-1: UK Sports Teams
Explore More
Trending Topics
Harry Potter
Kpop
Disney
NBA
Crossword
Anime
Marvel
Pokémon
Song
NFL
Country
Puzzle
WWE
The Office
Soccer
hide this ad
More By:
Allday221
Quiz
Plays
Rating
Category
Featured
Created
The Presidential Zero Year Curse
3,350
4.28
History
Sep 22, 2010
President JFK Assassination Trivia
2,329
4.07
History
Sep 24, 2010
President Lincoln Assassination Trivia
1,799
4.00
History
Sep 24, 2010
Guess the Lyrics Hair Metal Edition
548
3.00
Music
Oct 7, 2010
Defeated VP Candidates 1960-2008
307
4.67
History
Oct 12, 2010
Go to Creator's Profile
Score Distribution
Quiz Creator Spotlight
Allday221
Follow
Send a Message
Quizzes Created
-
Created Quiz Play Count
-
More By This Creator
Popular Quizzes Today
1
Find the US States - No Outlines Minefield
2
Find the Countries of Europe - No Outlines Minefield
3
The Countries of the World
4
Find the US States
5
Risky Map Clicking: Biggest States A-Z
6
US States
7
Popular People in 1961
8
Movies - When Are They Set?
More Sports Quizzes
ESPN Top 100 Football Players 2020
Quiz Lab
Trending Quizzes
Risky Map Clicking: Least Populous States A-Z
Billboard Blitz: Aretha Franklin
Famous Russians: Author or Composer?
1-10 Letter G Words
Countries of the World: 200 Million BC
Recently Updated
Leaping Animals
pecheneg
Reality TV Shows (A-Z)
bhenderson79
Rickey Henderson's Hall of Fame Teammates
pecheneg
Champions League XIs: Arsenal
pecheneg
Quick Pick: Celebrities in WWE's Hall of Fame
aduchscher
A-Z Keypad Blitz II
pecheneg
Multiple Oscar Actors
pecheneg
Mystery Phrase Blitz: Oscar 'Best Actors'
pecheneg
F. Scott Fitzgerald Novels
LTH
Pick 3 Villains
ddd62291
Trending Topics
Marvel
Anime
Harry Potter
Disney
Crossword
NBA
Kpop
WWE
Song
NFL
The Office
Puzzle
Country
Soccer
Pokémon
Your Account Isn't Verified!
In order to create a playlist on Sporcle, you need to verify the email address you used during registration. Go to your
Sporcle Settings
to finish the process.
Report this User
Report this user for behavior that violates our
Community Guidelines
.
Details:
Send Report
Go to the Sporcle.com Mobile Site →
Comments